2025-2026 English Championship Team Logos - Statistics

General Stats
  • This quiz has been taken 432 times
    227 since last reset
  • The average score is 21 of 24
Answer Stats
Picture Answer % Correct
Southampton
98%
Leicester City
97%
Watford
97%
Hull City
95%
Swansea City
95%
Norwich City
94%
West Bromwich Albion
93%
Blackburn Rovers
92%
Queens Park Rangers
92%
Birmingham City
91%
Derby County
91%
Sheffield United
91%
Ipswich Town
90%
Stoke City
90%
Millwall
88%
Middlesbrough
86%
Sheffield Wednesday
82%
Portsmouth
80%
Bristol City
79%
Charlton Athletic
79%
Oxford United
79%
Wrexham
77%
Coventry City
72%
Preston North End
67%
No matching quizzes found
Score Distribution
Percent of People with Each Score
Percentile by Number Answered
Your Score History
You have not taken this quiz since the last reset